La mujer en la Biblia
Guardat en:
| Autor principal: | |
|---|---|
| Format: | Llibre |
| Idioma: | espanyol |
| Publicat: |
Pamplona
Asociación Bíblica Española
1994
Pamplona Verbo Divino 1994 |
| Col·lecció: | Reseña Bíblica, 14
|
| Matèries: | |
| Etiquetes: |
Afegir etiqueta
Sense etiquetes, Sigues el primer a etiquetar aquest registre!
|
MARC
| LEADER | 00000nam a2200000 a 4500 | ||
|---|---|---|---|
| 001 | UCQ7743 | ||
| 003 | CL-VaPUC | ||
| 008 | 981113e19940000SP |||||||||||||||||spa|d | ||
| 082 | 0 | 4 | |a 220.9 |b NAV |2 21 |
| 100 | |a Navarro Puerto, Mercedes |e autora |9 596586 | ||
| 245 | 1 | 3 | |a La mujer en la Biblia |
| 300 | |a 72 p | ||
| 942 | |c BK | ||
| 945 | |d 19981113 00:00:00 |a aarredon | ||
| 260 | |a Pamplona |b Asociación Bíblica Española |c 1994 | ||
| 260 | |a Pamplona |b Verbo Divino |c 1994 | ||
| 650 | 0 | |a Mujer |9 255613 | |
| 650 | 0 | |a Biblia |9 257603 | |
| 583 | |a last modification |c 20130618 07:28:14 |k Rodrigo Vera | ||
| 490 | 0 | |a Reseña Bíblica, 14 | |
| 999 | |c 277198 |d 277196 | ||
| 952 | |0 0 |1 2 |4 0 |6 220_900000000000000_NAV_1994_1994 |7 0 |8 A |9 315020 |a BIBTEO |b BIBTEO |d 2019-11-20 |i 347965K |o 220.9 NAV 1994 1994 |p 347965K |r 2019-11-20 |w 2019-11-20 |y BK |k ICR | ||